000 00680nam a2200193 i 4500
001 164411
003 ES-MaACL
005 20250902233321.0
008 990225s1898 cl |||| | spa d
040 _aCCPB | B
_bspa
_cCCPB | B
100 1 _aSalazar, A. E.
_9101796
245 1 0 _aKálkulos sobre las kañerías de agua ... /
_cpor A. E. Salazar.
260 _aSantiago de Chile :
_bHume i K\pa\s, Aumada,
_c1898.
300 _aXIV, 246 p. ;
_c22 cm.
500 _aSe ha respetado la ortografía original.
650 7 _aIngeniería hidráulica
_2embne
_9136287
852 _aES-MaACL
_jF-13527
_z-- Enc. tela
_x-- Completar 260:(Imprenta Moderna)
999 _c164411
_d164411